000 00367nam a22001577a 4500
020 _a9789383682713
082 _aH3
_bPRA/R
100 _aPratibha Johri
245 _aRekhayen aadi tirchhi/
_cby Pratibha Johri
260 _aKanpur:
_bAman,
_c2015.
300 _a248p.
650 _aNovel Hindi
650 _aLiterature Hindi
650 _aLiterature
942 _cBK
999 _c71910
_d71910